| 000 | 00549nam a22001457a 4500 | ||
|---|---|---|---|
| 008 | 230714b |||||||| |||| 00| 0 eng d | ||
| 040 |
_aNational Science Library _cNational Science Library |
||
| 100 | 1 |
_aStratton, Roy _912701 |
|
| 245 |
_aPhotographic technique for image enhancement: _bPseudocolor two separation process _c/ A report prepared by Rand Corporation Santa Monica, California July 1971 |
||
| 260 |
_aWashington: _bUS Department of Commerce, _c1971 |
||
| 300 | _a36p. | ||
| 650 | _aReport | ||
| 700 | _aGazley, Carl | ||
| 942 |
_2udc _cREP |
||
| 999 |
_c52597 _d52597 |
||